Personnalités politiques en France - Statistiques

Statistiques générales
  • Ce quiz a été pris 34 fois
  • Le résultat moyen est 6 sur 16
Statistiques - réponses
Par images Réponse % Correct
Simone Veil
100%
Michel Rocard
56%
Rama Yade
50%
Raymond barre
47%
Jacques Chaban Delmas
44%
Najat Vallaud Belkacem
44%
Jacques Delors
38%
Cecile Duflot
34%
Pierre Mauroy
34%
Edith Cresson
31%
Charles Hernu
19%
Gaston Defferre
16%
Marie France Garaud
16%
Pierre Joxe
13%
René Monory
13%
Michel Gillibert
0%
Aucun quiz correspondant
Distribution des résultats
% des personnes avec chaque résultat
Percentile par nombre de réponses
Votre historique - résultats
Vous n’avez pas pris ce quiz